[Event "Copa Internacional SP"]
[Site "São Paulo"]
[Date "2007.12.01"]
[Round "4"]
[White "Reis, Alan"]
[Black "Terao, Juliana"]
[Result "0-1"]
[WhiteElo "2103"]
[BlackElo "2169"]
[PlyCount "68"]
[EventDate "2007.11.29"]
[SourceDate "2007.11.30"]

1. d4 Nf6 2. c4 g6 3. Nc3 d5 4. cxd5 Nxd5 5. e4 Nxc3 6. bxc3 Bg7 7. Bc4 O-O 8.
Ne2 c5 9. Be3 Nc6 10. O-O Bd7 11. Rc1 a6 12. f4 Qc7 13. f5 b5 14. Bd3 Rad8 15.
Qe1 Qa7 16. d5 Ne5 17. Bb1 Bc8 18. Qg3 Kh8 19. fxg6 fxg6 20. h3 Nc4 21. Bg5
Rde8 22. Qh4 e5 23. dxe6 Bxe6 24. Nf4 Kg8 25. Nd5 Bxd5 26. exd5 Rxf1+ 27. Rxf1
Bxc3 28. Bd3 Nd6 29. Kh1 c4 30. Bc2 Qd4 31. Qg3 Qe5 32. Bf4 Qe2 33. Rf2 Qe1+
34. Kh2 Be5 0-1